Statistical Pocket - Book of Yugoslavia 1990 Issue 36

Salvato in:
Dettagli Bibliografici
Natura: Libro
Lingua:inglese
Pubblicazione: Beograd Fedéral Statistical Office 1990
Edizione:1. ed.
Tags: Aggiungi Tag
Nessun Tag, puoi essere il primo ad aggiungerne!!

MARC

LEADER 00000nam a2200000 4500
001 c022433
005 20221215114449.4
041 0 |a eng 
044 |a YU 
245 1 0 |a Statistical Pocket - Book of Yugoslavia 1990  |b Issue 36 
250 |a 1. ed. 
264 1 |a Beograd  |b Fedéral Statistical Office  |c 1990 
300 |a 212 s.